000 01051cam a2200253 a 4500
005 20260112063310.0
007 ta
020 _a9780143417309 (pbk.)
039 _a202109281126
_bstaff
_c201301280227
_d staff
_c201209190351
_d staff
_c201209190351
_d staff
_y 201209180131
_z staff
082 _a307.14120954
_bKAL [ Shelf ]
100 _aAbdul Kalam, A. P. J.
_q (Avul Pakir Jainulabdeen),
_d 1931-
245 _aTarget 3 billion :
_bPURA: innovative solutions towards sustainable development /
_cA.P.J. Abdul Kalam & Srijan Pal Singh.
246 _aTarget three billion
260 _aNew Delhi :
_bPenguin Books, India,
_c2011.
300 _axix, 298 p. :
_bill., maps ;
_c22 cm.
504 _aIncludes bibliographical references (p. 293-298).
650 _aRural development
_z India.
650 _aSocial change
_z India.
650 _aSustainable development
_z India.
700 _aSingh, Srijan Pal.
991 _aVIRTUA40
991 _aVTLSSORT0070*0080*0200*0820*1000*2450*2460*2600*3000*5040*6500*6501*6502*7000*9992
909 _a4368
999 _c3859
_d3859